000 00409nam a22001337a 4500
008 140908b xxu||||| |||| 00| 0 eng d
022 _a00245488
050 _aKD1815.A2.L57(1994 vol.1)
245 _aLloyod's Law Reports (1994 Vol 1). /
_cedited by M.M.D'Souza
260 _aLondon:
_bLloyd's of London Press,
_c1994.
300 _avii,764p.:
_c24cm.
440 _pLlyod's Law Reports.
_vvol.1
942 _2lcc
_cBK
999 _c4496
_d11996